Integrovaný systém typových pozícií (ISTP) - sprievodca trhom práce
Disproporcie medzi dopytom a ponukou práce a opatrenia na zmiernenie ich príčin. Úprava opatrení aktívnej politiky trhu práce s dôrazom na znevýhodnených uchádzačov o zamestnanie. Služby zamestnanosti a poskytovanie poradenstva uplatňuje Integrovaný systém typových pozícií (ISTP). Programové vyhláse...
Na minha lista:
| Autor principal: | |
|---|---|
| Formato: | Capítulo de Livro |
| Idioma: | eslovaco |
| Assuntos: | |
| Tags: |
Sem tags, seja o primeiro a adicionar uma tag!
|
MARC
| LEADER | 00000naa a2200000 4500 | ||
|---|---|---|---|
| 001 | 0166369 | ||
| 005 | 20231208113437.2 | ||
| 041 | 0 | |a slo | |
| 044 | |a SK | ||
| 245 | 1 | 0 | |a Integrovaný systém typových pozícií (ISTP) - sprievodca trhom práce |c Géza Mihály |
| 520 | |a Disproporcie medzi dopytom a ponukou práce a opatrenia na zmiernenie ich príčin. Úprava opatrení aktívnej politiky trhu práce s dôrazom na znevýhodnených uchádzačov o zamestnanie. Služby zamestnanosti a poskytovanie poradenstva uplatňuje Integrovaný systém typových pozícií (ISTP). Programové vyhlásenie vlády a aktualizácia Národného programu reforiem SR 2012 v zmysle uznesenia vlády SR č. 300 zo dňa 27. júna 2012. | ||
| 610 | 2 | 0 | |a trh práce |
| 610 | 2 | 0 | |a zamestnanosť |
| 610 | 2 | 0 | |a politika zamestnanosti |
| 610 | 2 | 0 | |a dopyt po práci |
| 610 | 2 | 0 | |a ponuka práce |
| 610 | 2 | 0 | |a služby poradenské |
| 610 | 2 | 0 | |a úrady práce |
| 100 | 1 | |a Mihály, Géza | |